2023 NFL Pro Bowl Players - NFC - Statistics

General Stats
  • This quiz has been taken 655 times
  • The average score is 33 of 44
Answer Stats
Team Position Player % Correct
Eagles QB Jalen Hurts
100%
Seahawks QB Geno Smith
99%
Vikings QB Kirk Cousins
98%
Giants RB Saquon Barkley
98%
Vikings OLB Za'Darius Smith
98%
Eagles WR A.J. Brown
96%
Cowboys WR CeeDee Lamb
96%
49ers TE George Kittle
96%
Vikings WR Justin Jefferson
96%
Cowboys RB Tony Pollard
94%
Commanders WR Terry McLaurin
92%
Vikings TE T.J. Hockenson
92%
Eagles C Jason Kelce
91%
Rams DT Aaron Donald
88%
49ers DE Nick Bosa
88%
Cowboys OLB Micah Parsons
87%
49ers OT Trent Williams
87%
Eagles RB Miles Sanders
86%
Cowboys CB Trevon Diggs
86%
49ers MLB Fred Warner
85%
Seahawks FS Quandre Diggs
85%
Packers CB Jaire Alexander
84%
Eagles CB Darius Slay
83%
Eagles OT Lane Johnson
82%
Cardinals SS Budda Baker
80%
Cowboys DE DeMarcus Lawrence
78%
Giants DT Dexter Lawrence
78%
Cowboys OG Zack Martin
78%
Panthers DE Brian Burns
72%
Buccaneers OT Tristan Wirfs
71%
49ers FB Kyle Juszczyk
65%
Seahawks CB Tariq Woolen
64%
Commanders DT Jonathan Allen
63%
Saints MLB Demario Davis
62%
Lions C Frank Ragnow
58%
Eagles OLB Haason Reddick
57%
49ers SS Talanoa Hufanga
49%
Eagles OG Landon Dickerson
41%
Falcons OG Chris Lindstrom
40%
Seahawks K Jason Myers
40%
Commanders P Tress Way
31%
Cowboys - KaVontae Turpin
26%
Vikings LS Andrew DePaola
9%
Commanders - Jeremy Reaves
9%
No matching quizzes found
Score Distribution
Percent of People with Each Score
Percentile by Number Answered
Your Score History
You have not taken this quiz